Regions and City Administrations of Ethiopia Map Quiz - Statistics

General Stats
  • This quiz has been taken 421 times
  • The average score is 8 of 11
Answers on the Map
Answers color-coded by a green-red scale on the quiz's map according to % correct below.
 
Answer Stats
Answer % Correct
Addis Ababa (city)
89%
Somali Region
82%
Southern Nations, Nationalities, and Peoples' Region
82%
Afar Region
73%
Amhara Region
72%
Dire Dawa (city)
72%
Oromia Region
72%
Tigray Region
70%
Gambela Region
65%
Benishangul-Gumuz Region
61%
Harari Region
54%
No matching quizzes found
Score Distribution
Percent of People with Each Score
Percentile by Number Answered
Your Score History
You have not taken this quiz